• 首页
  • 本馆介绍
  • 公告通知
  • 最新文献
  • 馆藏检索
  • 电子资源
  • 读者导购
  • 参考咨询
  • 我的图书馆
  • 登录
  • 详细信息显示
  • 放入我的书架
  • 预约/预借图书
  • 作者相关作品
  • 分类相关作品
  • 丛书相关作品
  • 出版社相关作品

书目信息

  • 表格格式
  • 工作单格式
  • 卡片格式
题名:
统计学
    
 
作者: 袁卫 , 刘超 编著
分册:  
出版信息: 北京   中国人民大学出版社  2011
页数: 366页
开本: 26cm
丛书名:
单 册:
中图分类: C8
科图分类:
主题词: 统计学--高等教育--教材
电子资源:
ISBN: 978-7-300-14345-3
000 00873n|m0 2200265 450
001 338838
005 20150603151002.90
010    @a978-7-300-14345-3@dCNY39.80
100    @a20111129d2011 em y0chiy50 ea
101 0  @achi
102    @aCN@b110000
105    @aa z 000yy
135    @adrbn ---auuuu
200 1  @a统计学@Atong ji xue@d= Statistics@e思想、方法与应用@f袁卫, 刘超编著@zeng
210    @a北京@c中国人民大学出版社@d2011
215    @a366页@c图@d26cm
325    @a电子复制品
330    @a本书阐述了统计学的基本概念和统计学在各行各业扮演的重要角色, 内容包括: 统计学导论;分类数据的描述分析;定量数据的描述方法;概率等。
510 1  @aStatistics@zeng
606 0  @a统计学@x高等教育@j教材
690    @aC8@v5
701  0 @a袁卫@Ayuan wei@f(1950)@4编著
701  0 @a刘超@Aliu chao@c(经济学)@4编著
801  0 @aCN@b卓展宏图@c20150525
905    @dC8@e117@f5
    
    统计学= Statistics:思想、方法与应用/袁卫, 刘超编著.-北京:中国人民大学出版社,2011
    366页:图;26cm
    
    
    ISBN 978-7-300-14345-3:CNY39.80
    本书阐述了统计学的基本概念和统计学在各行各业扮演的重要角色, 内容包括: 统计学导论;分类数据的描述分析;定量数据的描述方法;概率等。
●
相关链接 在E读中查询图书 在五车中查询图书 在当当中查询图书 在豆瓣中查询图书


正题名:统计学     索取号:C8/117         预约/预借

序号 登录号 条形码 馆藏地/架位号 状态 备注
1 860788   208607881   第一样本阅览室/ [索取号:C8/117] 在馆    
2 860789   208607890   第一借阅区/ [索取号:C8/117] 在馆    
3 860790   208607907   第一借阅区/ [索取号:C8/117] 在馆    
4 860791   208607916   第一借阅区/ [索取号:C8/117] 在馆    
5 860792   208607925   第一借阅区/ [索取号:C8/117] 在馆    
唐山师范学院图书馆 欢迎您!
大连网信软件有限公司© 版权所有